Statistics for Flags of Turkic Countries

Click here to take the quiz!

General Stats

  • This quiz has been taken 94 times
  • The average score is 5 of 6

Answer Stats

Answer% Correct
Turkey
100%
Turkmenistan
96%
Kazakhstan
95%
Kyrgyzstan
78%
Azerbaijan
76%
Uzbekistan
76%

Score Distribution

Percentile by Number Answered

Percent of People with Each Score

Your Score History

You have not taken this quiz